000 00577nam a22001937a 4500
005 20251108164929.0
008 250721s1997 xx 000 0 ara d
082 1 4 _a213/رعو
100 1 _aالرعود، محمد عبد الرزاق
245 1 0 _aمن كنوز الحديث النبوي الشريف /
264 1 _aعمان :
_bدار مجدلاوي،
_c1997.
300 _a168ص.
650 1 7 _aالإسلام
650 1 7 _aالحديث الشريف
650 1 7 _aالحديث المسند
650 1 7 _aرجال الحديث
942 _2ddc
_cBK
999 _c17723
_d17723